| 000 | 00887cam a2200241 4500 | ||
|---|---|---|---|
| 001 | J61688 | ||
| 008 | 000000n2000 000 0 eng u | ||
| 020 | _a011782013X | ||
| 035 | _a(Sirsi) u108210 | ||
| 041 | _aeng | ||
| 050 | _a306.0212 | ||
| 110 |
_aUnited Kingdom _bDepartment of the Environment, Transport and the Regions _93507 |
||
| 245 | _aHousing and construction statistics Great Britain 2000. Part 2 - (March quarter 2000) | ||
| 260 |
_aLondon _bStationery Office _c2000 |
||
| 350 | _a14.00 | ||
| 520 | _aFrom June 2000 quarter published as Housing Statistics Great Britain 2000 in one volume q.v. Now available to view on the ODPM's website at: www.housing.odpm.gov.uk | ||
| 650 | _aCONSTRUCTION INDUSTRY | ||
| 650 | _aDCLG HOUSING AND CONSTRUCTION STATISTICS | ||
| 650 | _aSTATISTICS | ||
| 690 | _aHOUSING | ||
| 710 |
_aScottish Executive _93811 |
||
| 942 | _n0 | ||
| 999 |
_c100762 _d100762 |
||